00309nam a2200109Ia 4500100001900000490000600019245009200025260004200117082002000159300000800179546001200187 aArivazhagan/S  v2 aInternational Conference on computational intelligence and multimedia applications 2007 bIEEE Computer Societyasivakasic2007 a004.35/ICCbICC a553 aENGLISH